Introduction to sociology (Record no. 8704)

MARC details
000 -LEADER
fixed length control field 00547cam a2200217ua 4500
001 - CONTROL NUMBER
control field 9698
005 - DATE AND TIME OF LATEST TRANSACTION
control field 20260515114518.0
008 - FIXED-LENGTH DATA ELEMENTS--GENERAL INFORMATION
fixed length control field 160617n ii |||gr||||Z||||||eng
020 ## - INTERNATIONAL STANDARD BOOK NUMBER
International Standard Book Number 8176800023
040 ## - CATALOGING SOURCE
Transcribing agency MAIN
041 ## - LANGUAGE CODE
Language code of text/sound track or separate title eng
082 ## - DEWEY DECIMAL CLASSIFICATION NUMBER
Classification number 301
100 ## - MAIN ENTRY--PERSONAL NAME
Personal name Saikia, Utpal,
Relator term Author.
245 ## - TITLE STATEMENT
Title Introduction to sociology
Statement of responsibility, etc. by Utpal Saikia
250 ## - EDITION STATEMENT
Edition statement 1st ed.
260 ## - PUBLICATION, DISTRIBUTION, ETC.
Place of publication, distribution, etc. Dibrugarh:
Name of publisher, distributor, etc. Students emporium,
Date of publication, distribution, etc. 2006.
300 ## - PHYSICAL DESCRIPTION
Extent 318p.
653 ## - INDEX TERM--UNCONTROLLED
Uncontrolled term Sociology & anthropology
653 ## - INDEX TERM--UNCONTROLLED
Uncontrolled term High secondary 2nd year sociology
942 ## - ADDED ENTRY ELEMENTS (KOHA)
Koha item type Books
Holdings
Withdrawn status Lost status Damaged status Not for loan Home library Current library Shelving location Date acquired Total checkouts Full call number Barcode Date last seen Date last checked out Copy number Price effective from Koha item type Source of classification or shelving scheme Collection Cost, normal purchase price
        Naharkatiya College Library Naharkatiya College Library General stacks 09/19/2020 9 301 | SAI 18984 07/05/2025 06/25/2025 2 09/19/2020 Books      
        Naharkatiya College Library Naharkatiya College Library General stacks 09/19/2020   301 | SAI 18985 09/19/2020   1 09/19/2020 Books      
        Naharkatiya College Library Naharkatiya College Library General stacks 04/19/2022 2 301 15703 11/11/2022 11/02/2022 1 04/19/2022 Books Dewey Decimal Classification   80.00